[Event "Mukachevo Rating January 2019"]
[Site "Mukachevo"]
[Date "2019.01.10"]
[Round "2"]
[White "Tran, David"]
[Black "Shkuran, Danylo"]
[Result "0-1"]
[WhiteElo "2111"]
[BlackElo "2359"]
[Annotator "TA"]
[PlyCount "126"]
[EventDate "2019.01.09"]
[EventType "tourn"]
[EventCountry "UKR"]
[SourceTitle "playchess.com"]
[Source "ChessBase"]
[SourceQuality "1"]

{[%evp 13,125,23,33,28,48,46,65,56,57,62,62,61,99,6,22,6,12,0,91,-18,-9,-29,-29,-88,-93,-95,-45,-37,-5,-41,-49,-76,-88,-87,-90,-110,-120,-162,-154,-151,-141,-151,-145,-139,-156,-136,-100,-127,-111,-111,-108,-336,-296,-250,-110,-347,-202,-181,-118,-245,-120,-177,-148,-293,-282,-291,-215,-222,-223,-223,-201,-326,-216,-227,-198,-333,-312,-447,-442,-766,-747,-655,-640,-566,-436,-430,-381,-375,-351,-347,-232,-232,-232,-232,-232,-232,-232,-287,-176,-241,-241,-241,-177,-252,-155,-254,-254,-293,-168,-298,-285,-959,-954,-29999]} 1. e4 c5 2. Nf3 e6 3. d4 cxd4 4. Nxd4 a6 5. c4 Nf6 6. Nc3 Qc7 7. f3 {B41: Sicilian: Kan Variation: 5 c4} (7. Be2 b6 8. f4 Bb7 9. e5 Ne4 10. Nxe4 Bxe4 11. Bf3 Bb4+ 12. Kf2 Bxf3 13. Qxf3 Nc6 14. Nxc6 dxc6 15. Be3 {½-½ (50) Duda,J (2737)-Yu,Y (2762) Danzhou 2018}) 7... Bb4 {LiveBook: 7 Games} 8. Qb3 Bd6 9. Be3 {White is slightly better.} Nc6 10. Nxc6 bxc6 11. g3 $146 ({Predecessor:} 11. Bb6 Qb8 12. g3 a5 13. f4 a4 14. Nxa4 Rxa4 15. Qxa4 Qxb6 {0-1 (29) Pertsinidis,I-Delithanasis,D (2200) Kavala 1995}) 11... Rb8 12. Qc2 Qa5 13. a3 (13. O-O-O $1 $16 Bc5 14. Bd2) 13... O-O 14. Be2 Be5 {Strongly threatening ...Rxb2!} 15. Bd2 Qb6 (15... d6 $11) 16. b4 (16. Na4 $1 $16 {[%cal Ra4b6]} Qc7 17. c5) 16... d5 $36 {[%mdl 2048] Black is more active.} 17. c5 Qa7 {Threatens to win with ...d4.} 18. Bd3 (18. f4 $11 Bxc3 19. Bxc3) 18... dxe4 $17 19. Bxe4 Nxe4 20. Qxe4 {[%mdl 64] Double Attack} Qc7 21. f4 Bf6 22. O-O Rd8 23. Rad1 a5 24. Be1 Ba6 {aiming for ...axb4.} 25. Rf2 Rxd1 26. Nxd1 Rd8 $1 {[%cal Rd8d1]} 27. Rd2 Rxd2 28. Bxd2 Qd7 29. Qe1 Bd4+ 30. Be3 Bxe3+ 31. Nxe3 Qd4 32. Kf2 $2 {[#]} (32. Kg2 $17) 32... Qb2+ $1 $19 33. Kf3 {[#]} h6 ({Weaker is} 33... Qxa3 34. bxa5 h6 35. Qd2 $17) (33... Qxh2 34. bxa5 Qb2 35. a4 $17) (33... a4 $1 $19 34. Qd1 h6) 34. Qd1 $2 (34. bxa5 $17 Qxh2 35. Qd1) 34... axb4 ({Less strong is} 34... Qxh2 35. bxa5 Qb2 36. a4 $17) (34... a4 $142 35. Nc2 Qb3+ 36. Kf2 Bd3) 35. axb4 Qxh2 ({Black should try} 35... Qxb4 $19 36. Qd8+ Kh7) 36. Ng4 (36. Qd8+ $17 Kh7 37. Qd1) 36... Qh5 (36... Qb2 $19 {is more deadly.} 37. Qe1 h5) 37. Kg2 (37. Kf2 $17 Qf5 38. Kf3) 37... Qf5 38. Qf3 (38. Kf2 $17) 38... Qc2+ 39. Kh3 Be2 40. Ne3 Qd3 ({Don't take} 40... Bxf3 41. Nxc2 Kf8 42. Nd4 $17) 41. Qf2 f5 42. Ng2 (42. Kh2 $142) 42... Bg4+ 43. Kh2 Qc4 44. Qe1 (44. Nh4 $142) 44... Bf3 45. Qe3 (45. Ne3 $142 Qa2+ 46. Kg1) 45... Be4 46. Qd2 (46. Kg1 $142 Qxb4 47. Nh4) 46... Qf1 47. Qd8+ Kh7 {[%csl Ge4][%cal Rf1g2]} 48. Qd2 Qb1 49. Ne1 Bd5 50. Kg1 Qe4 51. Kf2 Kg6 52. Qc3 Qh1 53. Ke2 Qh2+ 54. Kd1 Kh7 55. Kc1 Qf2 56. Nc2 (56. b5 {might work better.} cxb5 57. Nc2) 56... h5 57. Qe3 Qg2 58. Nd4 (58. Qe1 $142) 58... Qh1+ 59. Kb2 (59. Kd2 $17 {keeps fighting.}) 59... Be4 60. Qc3 Qb1+ 61. Ka3 Bd5 {[%csl Gd5][%cal Rb1a2]} 62. Qb2 $2 (62. Nb3) 62... Qd3+ {[%mdl 64] Double Attack} 63. Ka4 Qa6# {Accuracy: White = 25%, Black = 54%.} 0-1

[Event "Mukachevo Rating January 2019"]
[Site "Mukachevo"]
[Date "2019.01.10"]
[Round "3"]
[White "Baidetskyi, Valentin"]
[Black "Oros, Robert"]
[Result "0-1"]
[WhiteElo "2387"]
[BlackElo "2312"]
[Annotator "TA"]
[PlyCount "102"]
[EventDate "2019.01.09"]
[EventType "tourn"]
[EventCountry "UKR"]
[SourceTitle "playchess.com"]
[Source "ChessBase"]
[SourceQuality "1"]

{[%evp 22,102,23,0,41,20,18,7,5,7,6,3,3,4,4,4,4,2,0,-30,-30,-39,-34,-33,-21,-39,-31,-35,-8,-24,-6,-4,16,0,0,0,0,0,36,19,28,-27,-19,-69,-68,-97,-97,-56,-95,-139,-141,-135,-135,-129,-116,-237,0,-134,-138,-129,-125,-123,-121,-126,-103,-234,-97,-135,-138,-252,-245,-667,-667,-666,-658,-645,-641,-660,-614,-720,-559,-708,-687]} 1. e4 c5 2. Nf3 d6 3. d4 cxd4 4. Qxd4 Nc6 5. Bb5 Bd7 6. Qd3 g6 7. O-O Bg7 8. c4 Nf6 9. Nc3 O-O 10. h3 a6 11. Bxc6 Bxc6 12. Be3 {LiveBook: 33 Games} Qa5 {B53: Sicilian: 2...d6: Lines with Qxd4} 13. Rab1 $146 ({Predecessor:} 13. Nd4 Rfc8 14. a3 Nd7 15. Rac1 Nc5 16. Qb1 Bxd4 17. Bxd4 Nb3 18. Rcd1 Nxd4 19. Rxd4 b5 20. cxb5 Bxb5 21. Rc1 Bc4 22. Nd5 {½-½ (22) Roiz,M (2651)-Alterman,B (2570) Israel 2012}) 13... b5 14. b4 bxc4 {The position is equal.} 15. Qxc4 Bb5 $1 {[%cal Rb5c4]} 16. Qb3 Qc7 {Hoping for ...Bc4.} 17. Rfc1 Qb7 18. e5 dxe5 19. Nxe5 Ne4 20. Nxb5 axb5 21. Nc6 Rfc8 22. Na5 $1 {[%cal Bc6a5,Ba5b7,Bb7c5][%mdl 32]} Qd7 23. Rxc8+ Rxc8 24. Rd1 Qe8 25. Nb7 Rb8 26. Nc5 Nf6 27. Bg5 Ra8 28. Bxf6 Bxf6 29. Rd7 Rd8 30. Qd3 Ra8 $1 31. Nb7 (31. Ne4 $142) 31... Kg7 $11 ({Avoid the trap} 31... Rxa2 $2 32. Rd8 $18) 32. Na5 Rc8 33. Kh2 Rc3 34. Qxb5 Rc2 35. a4 Rxf2 36. Nb7 Qb8+ 37. Nd6 Qa8 {[%csl Gf2][%cal Ra8g2]} 38. Nb7 (38. Qb7 $17 {was forced.} Qxb7 39. Nxb7) 38... Qb8+ ({Better is} 38... Rc2 $19 39. a5 Rb2) 39. Nd6 $1 $17 Qxb5 $1 40. Nxb5 {[%mdl 4096] Endgame KRB-KRN} Rb2 41. a5 Be5+ 42. Kg1 Bg3 {( -> ...Rb1+)} 43. Nc3 {[#]} (43. Kf1 $17 {keeps fighting.}) 43... Rxb4 (43... Rc2 $1 $19 {[%cal Rc2c3] and Black stays clearly on top.} 44. Rd3 Rc1+ 45. Nd1 Be1) 44. a6 {[#]} Rb3 $1 {[%cal Rb3c3]} 45. Rd3 (45. Nd1 $17) 45... Bd6 $19 46. Rxd6 $2 (46. Rf3) 46... exd6 {[%cal Be7d6,Bd6d5,Bd5d4,Bd4d3][%mdl 32] KR-KN. Black is clearly winning.} 47. a7 Ra3 48. Nb5 Ra2 49. Kf1 d5 50. Ke1 d4 51. Kd1 d3 {Accuracy: White = 29%, Black = 67%.} 0-1

[Event "Mukachevo Rating January 2019"]
[Site "Mukachevo"]
[Date "2019.01.10"]
[Round "3"]
[White "Shkuran, Danylo"]
[Black "Martynyuk, Elizaveta"]
[Result "1-0"]
[WhiteElo "2359"]
[BlackElo "2120"]
[Annotator "ChessBase"]
[PlyCount "191"]
[EventDate "2019.01.09"]
[EventType "tourn"]
[EventCountry "UKR"]
[SourceTitle "playchess.com"]
[Source "ChessBase"]
[SourceQuality "1"]
[TimeControl "5400+30"]

1. e4 {[%emt 0:00:00]} c5 {[%emt 0:00:00]} 2. Nf3 {[%emt 0:00:00]} e6 {[%emt 0:00:00]} 3. d4 {[%emt 0:00:00]} cxd4 {[%emt 0:00:00]} 4. Nxd4 {[%emt 0:00:00]} Nc6 {[%emt 0:00:00]} 5. Nc3 {[%emt 0:00:10]} Qc7 {[%emt 0:00:00]} 6. g3 {[%emt 0:00:07]} a6 {[%emt 0:00:00]} 7. Bg2 {[%emt 0:00:05]} Nf6 {[%emt 0:00:04]} 8. O-O {[%emt 0:00:08]} Bc5 {[%emt 0:00:06]} 9. Nb3 {[%emt 0:00:44]} Ba7 {[%emt 0:00:13]} 10. Kh1 {[%emt 0:00:35]} d6 {[%emt 0:00:48]} 11. f4 {[%emt 0:09:19]} h5 {[%emt 0:03:56]} 12. h3 {[%emt 0:01:23]} Ng4 {[%emt 0:00:31]} 13. Qe2 {[%emt 0:00:42]} b5 {[%emt 0:00:49]} 14. a3 {[%emt 0:06:40]} Bb7 {[%emt 0:01:46]} 15. Bf3 {[%emt 0:02:18]} Qb6 {[%emt 0:16:04]} 16. Nd1 {[%emt 0:15:49]} Nd4 {[%emt 0:06:05]} 17. Nxd4 {[%emt 0:00:27]} Qxd4 {[%emt 0:00:09]} 18. Kg2 {[%emt 0:10:26]} Nf6 {[%emt 0:03:07]} 19. Nc3 {[%emt 0:00:34]} Rc8 {[%emt 0:00:44]} 20. Rd1 {[%emt 0:03:53]} Qb6 {[%emt 0:07:26]} 21. Rd3 {[%emt 0:04:45]} Qc7 {[%emt 0:03:01]} 22. Be3 Bxe3 {[%emt 0:01:57]} 23. Qxe3 {[%emt 0:01:44]} O-O {[%emt 0:01:30]} 24. Rad1 {[%emt 0:05:23]} d5 {[%emt 0:03:29]} 25. exd5 {[%emt 0:03:53]} Nxd5 {[%emt 0:04:37]} 26. Nxd5 {[%emt 0:01:06]} Bxd5 {[%emt 0:01:54]} 27. Bxd5 {[%emt 0:01:33]} exd5 {[%emt 0:00:04]} 28. c3 {[%emt 0:04:06]} h4 {[%emt 0:00:15]} 29. Rxd5 {[%emt 0:00:36]} hxg3 {[%emt 0:01:15]} 30. Re5 {[%emt 0:09:19]} Qc4 {[%emt 0:02:11]} 31. Rd4 {[%emt 0:01:44]} Qb3 {[%emt 0:01:57]} 32. Qd2 {[%emt 0:04:45]} Rfe8 {[%emt 0:08:27]} 33. Rxe8+ {[%emt 0:00:55]} Rxe8 {[%emt 0:00:04]} 34. Kxg3 {[%emt 0:00:12]} Re6 {[%emt 0:00:29]} 35. f5 {[%emt 0:06:18]} Rf6 {[%emt 0:00:57]} 36. Rf4 {[%emt 0:00:06]} Kh7 {[%emt 0:01:29]} 37. Rh4+ {[%emt 0:01:27]} Rh6 {[%emt 0:00:07]} 38. Rg4 {[%emt 0:00:05]} Rh5 {[%emt 0:02:33]} 39. Qd4 {[%emt 0:03:32]} f6 {[%emt 0:00:09]} 40. Qd7 {[%emt 0:00:41]} Qg8 {[%emt 0:00:44]} 41. h4 {[%emt 0:01:06]} Qb8+ {[%emt 0:01:58]} 42. Kf3 {[%emt 0:01:31]} Qa8+ {[%emt 0:00:49]} 43. Ke3 {[%emt 0:00:09]} Qf8 {[%emt 0:00:37]} 44. Kd3 {[%emt 0:00:48]} Kg8 {[%emt 0:01:20]} 45. Rxg7+ {[%emt 0:00:35]} Qxg7 {[%emt 0:00:26]} 46. Qe8+ {[%emt 0:00:03]} Qf8 {[%emt 0:00:25]} 47. Qxh5 {[%emt 0:00:21]} Qd6+ {[%emt 0:00:06]} 48. Kc2 {[%emt 0:00:03]} Qe5 {[%emt 0:01:17]} 49. Qg4+ {[%emt 0:00:08]} Kf8 {[%emt 0:00:45]} 50. Kb1 {[%emt 0:02:17]} a5 {[%emt 0:00:21]} 51. h5 {[%emt 0:01:23]} Qd5 {[%emt 0:01:21]} 52. Kc2 {[%emt 0:01:31]} Qe5 {[%emt 0:00:40]} 53. Kb1 {[%emt 0:00:33]} Qd5 {[%emt 0:00:10]} 54. h6 {[%emt 0:00:13]} Qh1+ {[%emt 0:00:06]} 55. Ka2 {[%emt 0:00:04]} Qxh6 {[%emt 0:00:13]} 56. Qe4 {[%emt 0:01:10]} Qd2 {[%emt 0:01:40]} 57. Qe6 {[%emt 0:00:30]} Qd8 {[%emt 0:00:17]} 58. a4 {[%emt 0:00:32]} bxa4 {[%emt 0:00:25]} 59. Ka3 {[%emt 0:00:26]} Kg7 {[%emt 0:00:43]} 60. Kxa4 {[%emt 0:00:09]} Qd1+ {[%emt 0:00:21]} 61. Ka3 {[%emt 0:00:51]} Qa1+ {[%emt 0:00:28]} 62. Kb3 {[%emt 0:00:35]} Qd1+ {[%emt 0:00:43]} 63. Kc4 {[%emt 0:00:04]} Qf1+ {[%emt 0:00:28]} 64. Kc5 {[%emt 0:00:52]} Qf2+ {[%emt 0:00:29]} 65. Kc6 {[%emt 0:00:20]} Qg2+ {[%emt 0:01:01]} 66. Qd5 {[%emt 0:00:36]} Qxb2 {[%emt 0:00:25]} 67. Qxa5 {[%emt 0:00:03]} Kh6 {[%emt 0:00:36]} 68. c4 {[%emt 0:00:42]} Kg5 {[%emt 0:00:09]} 69. Qd5 {[%emt 0:00:44]} Qa2 {[%emt 0:00:48]} 70. Kb7 {[%emt 0:00:39]} Qb3+ {[%emt 0:01:08]} 71. Kc7 {[%emt 0:00:27]} Qa2 {[%emt 0:00:30]} 72. Kd7 {[%emt 0:00:31]} Qa7+ {[%emt 0:01:16]} 73. Ke8 {[%emt 0:00:19]} Qb8+ {[%emt 0:00:27]} 74. Ke7 {[%emt 0:00:37]} Qc7+ {[%emt 0:01:17]} 75. Ke6 {[%emt 0:00:05]} Qc8+ {[%emt 0:00:07]} 76. Kd6 {[%emt 0:00:04]} Qb8+ {[%emt 0:00:16]} 77. Kc6 {[%emt 0:00:11]} Qa8+ {[%emt 0:00:25]} 78. Kb6 {[%emt 0:00:38]} Qb8+ {[%emt 0:00:15]} 79. Qb7 {[%emt 0:00:59]} Qd6+ {[%emt 0:00:41]} 80. Kb5 {[%emt 0:00:11]} Qd3 {[%emt 0:00:46]} 81. Qg2+ {[%emt 0:00:54]} Kf4 {[%emt 0:00:10]} 82. Qd5 {[%emt 0:00:25]} Qb3+ {[%emt 0:00:32]} 83. Kc6 {[%emt 0:00:09]} Qa2 {[%emt 0:00:51]} 84. Qd6+ {[%emt 0:01:08]} Kxf5 {[%emt 0:00:31]} 85. c5 {[%emt 0:00:02]} Qa6+ {[%emt 0:01:01]} 86. Kc7 {[%emt 0:00:37]} Qa7+ {[%emt 0:00:16]} 87. Kd8 {[%emt 0:00:11]} Qa8+ {[%emt 0:00:22]} 88. Kd7 {[%emt 0:00:45]} Qb7+ {[%emt 0:00:04]} 89. Qc7 {[%emt 0:00:27]} Qd5+ {[%emt 0:00:07]} 90. Ke7 {[%emt 0:00:24]} Qe4+ {[%emt 0:00:34]} 91. Kf7 {[%emt 0:01:20]} Qd5+ {[%emt 0:00:48]} 92. Ke7 {[%emt 0:00:34]} Ke4 {[%emt 0:01:48]} 93. Qd6 {[%emt 0:00:32]} Qa8 {[%emt 0:02:35]} 94. c6 {[%emt 0:00:19]} f5 {[%emt 0:01:26]} 95. c7 {[%emt 0:00:10]} Kf3 {[%emt 0:00:12]} 96. Qd3+ {[%emt 0:00:49]} 1-0

[Event "Mukachevo Rating January 2019"]
[Site "Mukachevo"]
[Date "2019.01.10"]
[Round "3"]
[White "Larkin, Vladyslav"]
[Black "Tran, David"]
[Result "1-0"]
[WhiteElo "2311"]
[BlackElo "2111"]
[Annotator "TA"]
[PlyCount "51"]
[EventDate "2019.01.09"]
[EventType "tourn"]
[EventCountry "UKR"]
[SourceTitle "playchess.com"]
[Source "ChessBase"]
[SourceQuality "1"]

{[%evp 12,51,66,43,38,33,36,18,76,74,83,70,108,0,0,0,0,0,260,252,443,438,650,629,635,628,628,623,705,674,691,692,684,681,664,683,696,698,696,683,697,689]} 1. d4 Nf6 2. Nc3 g6 3. e4 d6 4. f3 Bg7 5. Be3 c6 6. Qd2 b5 7. a3 {LiveBook: 15 Games} O-O {B07: Pirc Defence: Miscellaneous Systems} (7... Nbd7 8. g4 h5 9. g5 Nh7 10. h4 Bb7 11. Nge2 Nb6 12. Ng3 Nf8 13. f4 Nfd7 14. f5 Qc7 15. Bd3 O-O-O {1-0 (53) Aakanksha,H (2308)-Frayna,J (2305) Ashkhabad 2017}) 8. g4 {[%cal Bg2g4,Bg4g5][%mdl 32]} Nbd7 9. Nge2 e5 (9... Nb6 $11) 10. g5 $146 ({Predecessor:} 10. h4 exd4 11. Nxd4 Ne5 12. Be2 a6 13. h5 c5 14. Nb3 Nc4 15. Bxc4 bxc4 {1-0 (67) Thomele,M (1901)-Kretner,G (1877) Bad Homburg 2014}) 10... Nh5 11. d5 cxd5 12. Qxd5 (12. Nxd5 $16 Bb7 13. Nec3) 12... Nb6 $1 $11 {[%cal Rb6d5]} 13. Bxb6 Qxb6 14. Qxa8 Be6 $2 {[%mdl 8192]} (14... Bb7 $1 $11 {and Black stays safe.} 15. Nd5 Qa5+ 16. b4 Qa6) 15. Nd5 $18 Qa5+ $2 (15... Rxa8 16. Nxb6 axb6) 16. b4 {White is clearly winning.} Qa6 (16... Rxa8 $142 17. bxa5 Bxd5 18. exd5 a6) 17. Qc6 {[%mdl 64] [#] Decoy} Qxc6 18. Ne7+ {[%mdl 64] Double Attack} Kh8 19. Nxc6 a6 20. Rd1 Rc8 21. Rxd6 Bf8 22. Rd8 Rxc6 23. Rxf8+ Kg7 24. Rd8 Rxc2 25. Rd2 Rc6 26. Kf2 1-0

[Event "Mukachevo Rating January 2019"]
[Site "Mukachevo"]
[Date "2019.01.10"]
[Round "3"]
[White "Becskei, Zoltan"]
[Black "Petrovskiy, Vadim"]
[Result "1-0"]
[WhiteElo "2308"]
[BlackElo "2205"]
[Annotator "TA"]
[PlyCount "139"]
[EventDate "2019.01.09"]
[EventType "tourn"]
[EventCountry "UKR"]
[SourceTitle "playchess.com"]
[Source "ChessBase"]
[SourceQuality "1"]

{[%evp 20,139,0,0,0,-36,-6,-31,16,-8,0,0,0,-59,-27,-32,-14,-34,-33,-54,-56,-79,-25,-85,-79,-33,0,0,0,0,0,-18,0,0,-10,-10,-19,-32,24,0,-32,-170,-193,-383,-183,-431,-427,-405,-394,-625,-619,-759,-546,-813,-637,-790,-639,-1123,-1121,-983,-881,-870,-860,-1123,-1121,-1108,-1107,-1170,-1192,-1219,-1153,-1044,-478,-461,-93,-519,-92,-85,249,256,276,274,282,281,267,260,195,68,702,658,668,422,666,658,596,559,761,757,764,744,1299,1216,1677,1539,1993,1895,2104,272,6319,6119,29975,29976,29972,29973,29979,29982,29983,29984,29983,29984,29984,29983]} 1. Nf3 Nf6 2. c4 g6 3. b3 Bg7 4. Bb2 O-O 5. g3 d6 6. Bg2 Nbd7 7. O-O e5 8. d3 c6 9. Nbd2 Re8 {A15: English Opening: 1...Nf6} 10. Qc2 (10. Ne4 Nxe4 11. dxe4 Nc5 12. Qc2 f5 13. Nd2 f4 14. Rad1 Qe7 15. b4 Ne6 16. Nf3 c5 17. bxc5 Nxc5 18. Rd2 Bd7 19. Ba3 Bc6 20. Bxc5 dxc5 {½-½ (37) Caruana,F (2799)-Grischuk,A (2782) Saint Louis 2017}) 10... a5 11. a3 {LiveBook: 3 Games} b6 $146 {The position is equal.} ({Predecessor:} 11... d5 12. cxd5 cxd5 13. e4 d4 14. Nc4 Bf8 15. a4 b6 16. Bc1 Ba6 {0-1 (72) Moehn,H (2368)-Braun,A (2574) Germany 2018}) 12. Ng5 Bb7 13. b4 Qc7 14. Bc3 h6 15. Ngf3 d5 16. Nh4 ({White should play} 16. e3 $11) 16... a4 17. Bb2 Qd6 18. Nb1 Qe6 19. cxd5 cxd5 20. Nc3 e4 (20... g5 $17 21. Nf3 d4) 21. dxe4 (21. Nb5 $11 {remains equal.}) 21... dxe4 22. Nb5 Nd5 (22... Rac8 $5 {[%cal Rc8c2]} 23. Nc7 Bd5 $11) 23. Bxg7 Kxg7 24. Rfd1 N7f6 25. Qb2 Kh7 26. Rac1 Rac8 27. Bf1 e3 {...exf2+ is the strong threat.} 28. f3 Nd7 (28... Ba6 $15 29. Nd4 Qd7) 29. Rxc8 ({White should try} 29. f4 $11) 29... Rxc8 $15 30. Qd4 ({Better is} 30. f4 $15) 30... N7f6 $19 31. f4 $2 (31. Na7 Rc2 32. Ng2) 31... Ba6 (31... Qd7 $142 32. Na7 Ra8 {[%mdl 64] Trapped Piece} 33. Qxf6 Nxf6 34. Rxd7 Nxd7) 32. f5 $2 (32. Na7 Rc4 33. Qb2) 32... Qd7 33. fxg6+ fxg6 34. Bg2 (34. Ng2 $142 Bxb5 35. Nxe3) 34... Bxb5 35. Be4 Ne7 36. Qa1 Qe6 37. Bb7 Rc7 38. Rf1 Ned5 39. Qb1 Rg7 {aiming for ...Nc3.} 40. Qc2 Ne4 41. Bc8 Qe5 42. Nf3 Qe8 43. Bh3 Rc7 44. Qb2 Rf7 45. Rc1 {[#]} Bd7 (45... Rxf3 $142 $1 46. exf3 Nf2) 46. Bg2 Qh8 $2 (46... Qe6 $19 {White must now prevent ...Re7.} 47. Qe5 Re7 48. Qxe6 Bxe6) 47. Qxh8+ $17 Kxh8 48. Ne5 {[%mdl 64] [#] Double Attack, Discovered Attack} Rg7 $2 {[%mdl 8192]} (48... Ndc3 $1 $17 {[%cal Rc3e2][%mdl 512] stays on course.} 49. Nxf7+ Kg7 50. Bxe4 Nxe2+ {[%mdl 64] Double Attack} 51. Kg2 Nxc1) 49. Bxe4 $18 Nf6 50. Bxg6 Ng4 51. Nxg4 Bxg4 {[%mdl 4096] Endgame KRB-KRB} 52. Bd3 h5 53. Rf1 (53. Rc6 $18) 53... Bh3 $2 {[%mdl 8192] [#]} (53... Rc7 $14) 54. Rf8+ $1 Rg8 {[#]} 55. Rxg8+ $1 Kxg8 {KB-KB} 56. Bb5 Kf7 57. Bxa4 Ke6 58. Bc6 Ke5 59. Bf3 Kd4 60. Bxh5 Kc3 61. g4 {[%cal Bg3g4,Bg4g5,Bg5g6,Bg6g7][%mdl 32]} b5 62. g5 Kd2 63. Be8 $2 (63. g6 Be6 64. g7) 63... Kxe2 $2 (63... Bg4 64. Bxb5 Bxe2 65. Bxe2 Kxe2) 64. Bxb5+ Kd2 65. g6 {White mates.} Be6 66. h4 {[%cal Bh2h4,Bh4h5,Bh5h6][%mdl 32]} Kc3 67. h5 Bf5 68. g7 Be6 69. h6 Bg8 70. a4 {Accuracy: White = 42%, Black = 29%.} 1-0

[Event "Mukachevo Rating January 2019"]
[Site "Mukachevo"]
[Date "2019.01.11"]
[Round "4"]
[White "Baidetskyi, Valentin"]
[Black "Shkuran, Danylo"]
[Result "1/2-1/2"]
[WhiteElo "2387"]
[BlackElo "2359"]
[Annotator "TA"]
[PlyCount "60"]
[EventDate "2019.01.09"]
[EventType "tourn"]
[EventCountry "UKR"]
[SourceTitle "playchess.com"]
[Source "ChessBase"]
[SourceQuality "1"]

{[%evp 21,60,-12,-31,-29,-25,-36,21,16,4,17,47,57,195,191,179,0,0,-67,-65,-110,-102,-122,-130,-152,-129,-132,-72,-107,7,-121,31,33,42,29,54,44,51,0,0,0,49]} 1. c4 c6 2. Nf3 d5 3. e3 Nf6 4. Nc3 e6 5. b3 Bd6 6. Bb2 O-O 7. Be2 Nbd7 8. Qc2 a6 {A11: English Opening: 1...c6} 9. Rg1 b5 10. g4 bxc4 11. bxc4 Rb8 {LiveBook: 3 Games} 12. g5 {[#]} Ne4 $1 {[%mdl 512]} 13. Nd4 {[#]} (13. Nxe4 dxe4) 13... Qb6 $146 (13... c5 $15 14. Nf3 (14. Nxe4 dxe4 15. Nb3 Bb7 $15) 14... Qb6 15. cxd5 exd5) ({Predecessor:} 13... Qc7 14. Nxe4 dxe4 15. Bc3 c5 16. Nb3 {½-½ (41) Fressinet,L (2718)-Spoelman,W (2538) Germany 2011}) 14. Nxe4 dxe4 15. Nb3 $1 a5 16. Qxe4 a4 ({Better is} 16... e5 $14) 17. c5 $1 $18 (17. Bd3 g6 $15) 17... Bxc5 18. g6 $2 (18. Qxa4 $6 Bb4 $11) (18. Bd3 $6 g6 $14) (18. Rg3 $1 $18 {[%cal Rg3h3]} Re8 19. Rh3 (19. Qxa4 Bd6 $14) 19... axb3 20. Rxh7 (20. Qxh7+ Kf8 $16)) 18... fxg6 $11 19. Qxa4 (19. Rxg6 $11 Nf6 20. Rxf6 gxf6 21. Qxa4 (21. Bd3 Rf7 $17)) 19... Bb4 $15 20. Rc1 {[#]} c5 $1 21. Bc3 {White wants to play Bxb4.} Qd6 {White must now prevent ...Nb6.} 22. Rg3 Nb6 23. Qb5 Nd5 (23... Bd7 $142 24. Qa6 Bxc3 25. Rxc3 Qd5) 24. Qc4 {[#]} Qe7 (24... Ba3 $1 $17 {[%cal Ra3c1]} 25. Rd1 Nxc3 26. dxc3 Qe7) 25. Be5 (25. Bxb4 $1 $11 {keeps the balance.} cxb4 26. Nc5) 25... Ra8 $2 (25... Rb6 $17 26. Qg4 Ba6) 26. Nxc5 $14 {e4 is the strong threat.} Ba3 ({Avoid the trap} 26... Qf7 $2 27. Rf3 $16) 27. Rc2 $1 Nb4 ({Much weaker is} 27... Bxc5 $6 28. Qxc5 Qe8 29. Qd4 $16) 28. Rc3 $1 {[%cal Rc3a3]} Nd5 29. Rc2 (29. Rxa3 $5 Rxa3 30. Bg4 $11) 29... Nb4 ({Of course not} 29... Bxc5 $6 30. Qxc5 Qxc5 31. Rxc5 $16) 30. Rc3 $1 {[%cal Rc3a3] Hoping for Rxa3!} Nd5 {Accuracy: White = 38%, Black = 35%.} 1/2-1/2

[Event "Mukachevo Rating January 2019"]
[Site "Mukachevo"]
[Date "2019.01.11"]
[Round "4"]
[White "Oros, Robert"]
[Black "Petrovskiy, Vadim"]
[Result "1-0"]
[WhiteElo "2312"]
[BlackElo "2205"]
[Annotator "TA"]
[PlyCount "59"]
[EventDate "2019.01.09"]
[EventType "tourn"]
[EventCountry "UKR"]
[SourceTitle "playchess.com"]
[Source "ChessBase"]
[SourceQuality "1"]

{[%evp 18,59,7,0,22,21,25,26,34,8,13,10,31,31,37,33,17,7,47,26,33,27,48,48,54,53,75,48,64,59,76,76,108,108,741,752,1006,991,29989,29990,29990,29991,29996,29997]} 1. e4 c5 2. Nc3 Nc6 3. g3 g6 4. Bg2 Bg7 5. d3 d6 6. Be3 Nf6 7. h3 O-O 8. Nge2 Rb8 9. d4 {B26: Closed Sicilian: 3 g3, lines with early Be3} (9. Qd2 b5 10. O-O Ne8 11. Bh6 Bxh6 12. Qxh6 b4 13. Nb1 Nd4 14. Nxd4 cxd4 15. Nd2 Rb5 16. Nf3 Rh5 {1-0 (35) Movsesian,S (2667)-Sadzikowski,D (2587) Czech Republic 2018}) 9... cxd4 10. Nxd4 {LiveBook: 4 Games} Nxd4 11. Bxd4 {The position is equal.} a6 12. O-O b5 13. Nd5 $146 ({Predecessor:} 13. a3 Qc7 14. Re1 e5 15. Be3 Be6 16. Qd2 Rfd8 {1-0 (27) De Carvalho,F-Castro Souza,L Sao Paulo 1952}) 13... Nxd5 14. exd5 e5 15. dxe6 $1 Bxe6 16. Bxg7 Kxg7 17. Qd2 Qc7 18. Rfd1 Rfd8 19. a3 Rbc8 20. Qd4+ Kg8 21. Rd2 Qd7 22. g4 Qc7 23. Re1 Qa5 24. c3 Qa4 25. Qf6 Qb3 $2 {[%mdl 8192] [#]} (25... Qc4 $16) 26. h4 $18 {[%cal Bh3h4,Bh4h5][%mdl 32]} Re8 27. h5 Qc4 28. h6 {[%csl Gh6][%cal Rf6g7] White mates.} Kf8 29. Rxd6 Qxg4 {[#]} 30. Rd7 $1 {[%mdl 576] Back Rank. Accuracy: White = 70%, Black = 20%.} 1-0